Načítá se...
Chemical thermodynamics : basic concepts and methods /
| Hlavní autor: | |
|---|---|
| Další autoři: | |
| Médium: | Printed Book |
| Jazyk: | English |
| Vydáno: |
Hoboken, N.J. :
Wiley,
c2008.
|
| Vydání: | 7th ed. |
| Témata: | |
| On-line přístup: | http://www.loc.gov/catdir/enhancements/fy0835/2008275257-b.html http://www.loc.gov/catdir/enhancements/fy0835/2008275257-d.html http://www.loc.gov/catdir/enhancements/fy0835/2008275257-t.html |
| LEADER | 01226cam a2200277 a 4500 | ||
|---|---|---|---|
| 008 | 080721s2008 njua b 001 0 eng | ||
| 010 | |a 2008275257 | ||
| 020 | |a 9780471780151 | ||
| 020 | |a 9788126540488 | ||
| 082 | |a 541.369 | ||
| 100 | 1 | |a Klotz, Irving M. | |
| 245 | 1 | 0 | |a Chemical thermodynamics : |b basic concepts and methods / |c Irving M. Klotz, Robert M. Rosenberg. |
| 250 | |a 7th ed. | ||
| 260 | |a Hoboken, N.J. : |b Wiley, |c c2008. | ||
| 300 | |a xxi, 563 p. : |b ill. ; |c 25 cm. | ||
| 504 | |a Includes bibliographical references and index. | ||
| 650 | 0 | |a Thermodynamics. | |
| 700 | 1 | |a Rosenberg, Robert M., | |
| 856 | 4 | 2 | |u http://www.loc.gov/catdir/enhancements/fy0835/2008275257-b.html |
| 856 | 4 | 2 | |u http://www.loc.gov/catdir/enhancements/fy0835/2008275257-d.html |
| 856 | 4 | 1 | |u http://www.loc.gov/catdir/enhancements/fy0835/2008275257-t.html |
| 942 | |2 ddc |c BK | ||
| 906 | |a 7 |b cbc |c origcop |d 3 |e ncip |f 20 |g y-gencatlg | ||
| 955 | |a pv19 2008-07-21 z-processor to ASCD |i jp18 2008-08-01 | ||
| 999 | |c 121685 |d 121685 | ||
| 952 | |0 0 |1 0 |4 0 |6 541_369000000000000_KLO_C |7 0 |9 134539 |a CHE |b CHE |c ST1 |d 2015-03-10 |e The Book Shop, Publication Division, University of Calicut |i 5794 |l 0 |o 541.369 KLO/C |p CHE5794 |r 2015-05-28 |v 995.00 |w 2015-05-28 |y BK | ||